Schalke 04 - Tous les joueurs (2010-2020) - Statistiques

Statistiques générales
  • Ce quiz a été pris 98 fois
  • Le résultat moyen est 22 sur 119
Statistiques - réponses
Saisons Nationalité Joueur Nb de matchs % Correct
2010-2017 Pays-Bas Klaas-Jan Huntelaar 175
83%
2017-2020 Maroc Amine Harit 74
73%
2013-2016 Allemagne Leroy Sané 47
66%
2011-2012, 2013-2019 Allemagne Ralf Fährmann 175
66%
2018-2020 Sénégal Salif Sané 45
66%
2010-2012 Espagne Raul 66
65%
2010-2016 Allemagne Julian Draxler 119
64%
2010-2011 Allemagne Manuel Neuer 34
59%
2016-2020 France Benjamin Stambouli 81
58%
2010-2015 Pérou Jefferson Farfan 106
54%
2016-2019 Algérie Nabil Bentaleb 73
54%
2010-2017 Allemagne Benedikt Höwedes 177
53%
2014-2017 Cameroun Eric-Maxim Choupo-Moting 82
51%
2013-2018 Allemagne Leon Goretzka 116
50%
2016-2020 Italie Daniel Caligiuri 108
48%
2016-2019 Brésil Naldo 60
48%
2012-2018 Allemagne Max Meyer 146
45%
2010-2016 Cameroun Joël Matip 174
44%
2013-2015 Ghana Kévin-Prince Boateng 46
44%
2014-2020 Serbie Matija Nastasic 107
44%
2012-2017 Bosnie-Herzégovine Sead Kolasinac 94
41%
2016-2019 Suisse Breel Embolo 48
40%
2016-2019 Ukraine Yevhen Konoplyanka 57
38%
2016-2020 Etats-Unis Weston McKennie 75
36%
2015-2019 Argentine Franco Di Santo 71
35%
2015-2020 Autriche Alessandro Schöpf 93
34%
2016-2019 Ghana Baba Rahman 16
33%
2016-2020 Autriche Guido Burgstaller 95
33%
2010-2014 Grèce Kyriakos Papadopoulos 61
31%
2015-2016, 2017-2020 Allemagne Alexander Nübel 46
30%
2010-2015 Japon Atsuto Uchida 104
30%
2011-2015 Autriche Christian Fuchs 99
30%
2018-2020 Allemagne Suat Serdar 46
28%
2012-2016 Russie Roman Neustädter 122
26%
2011-2014 Finlande Teemu Pukki 37
25%
2010-2011 Croatie Ivan Rakitic 16
24%
2018-2020 Espagne Omar Mascarell 37
24%
2019-2020 Belgique Benito Raman 25
21%
2015-2018 Allemagne Thilo Kehrer 45
21%
2018-2019 Allemagne Sebastian Rudy 21
19%
2017-2020 Allemagne Bastian Oczipka 84
18%
2013-2015 Brésil Felipe Santana 24
18%
2019-2020 Angleterre Jonjoe Kenny 31
18%
2018-2020 Pays de Galles Rabbi Matondo 27
16%
2014-2016 Allemagne Sidney Sam 13
16%
2013-2017 Allemagne Dennis Aogo 65
15%
2010-2014 Etats-Unis Jermaine Jones 69
15%
2013-2014 Hongrie Adam Szalai 28
14%
2011-2013 Allemagne Lewis Holtby 46
14%
2018-2020 Turquie Ahmed Kutucu 38
13%
2016-2018 Espagne Coke 9
11%
2011-2013 Allemagne Lars Unnerstall 34
11%
2011-2016 Allemagne Marco Höger 88
11%
2015-2017 Allemagne Johannes Geis 46
10%
2019-2020 Autriche Michael Gregoritsch 14
10%
2018-2020 Maroc Nassim Boujellab 18
10%
2011-2015 Nigeria Chinedu Obasi 35
9%
2010-2012 Espagne José Manuel Jurado 46
9%
2012-2013 Brésil Michel Bastos 14
9%
2019-2020 Turquie Ozan Kabak 26
9%
2010-2012 Espagne Sergio Escudero 12
9%
2011-2014 Allemagne Timo Hildebrand 39
9%
2012-2015 Suisse Tranquillo Barnetta 44
9%
2011-2013 Roumanie Ciprian Marica 34
8%
2010-2011 Ghana Hans Sarpei 9
8%
2019-2020 Allemagne Levent Mercan 6
8%
2019-2020 Allemagne Can Bozdogan 3
6%
2010-2013 Allemagne Christoph Metzelder 52
6%
2018-2019 Maroc Hamza Mendyl 9
6%
2010-2011 Chine Hao Junmin 6
6%
2019-2020 France Jean-Clair Todibo 8
6%
2019-2020 Espagne Juan Miranda 11
6%
2013-2016 Turquie Kaan Ayhan 30
6%
2010-2011 France Nicolas Plestan 3
6%
2019-2020 Allemagne Timo Becker 10
6%
2015-2016 Maroc Younès Belhanda 15
6%
2010-2011 Iran Ali Karimi 1
5%
2010-2013 Allemagne Christoph Moritz 20
5%
2016-2017 Kosovo Donis Avdijaj 9
5%
2010-2013 Brésil Edu 30
5%
2012-2013 Pays-Bas Ibrahim Affelay 10
5%
2015-2017 Brésil Junior Caiçara 26
5%
2010-2011 Allemagne Lukas Schmitz 23
5%
2019-2020 Allemagne Malick Thiaw 4
5%
2017-2018 Croatie Marko Pjaca 7
5%
2017-2018 Espagne Pablo Insua 1
5%
2015-2016 Danemark Pierre-Emile Hojbjerg 23
5%
2012-2013 Brésil Raffael 16
5%
2010-2011 Grèce Angelos Charisteas 4
4%
2017-2019 Allemagne Cedric Teuchert 9
4%
2013-2015 Allemagne Christian Clemens 19
4%
2010-2011 Roumanie Ciprian Deac 2
4%
2018-2019 Etats-Unis Haji Wright 7
4%
2019-2020 Allemagne Markus Schubert 9
4%
2014-2016 Allemagne Marvin Friedrich 7
4%
2013-2014 Allemagne Philipp Max 2
4%
2015-2017, 2018-2019 Allemagne Sascha Riether 23
4%
2010-2011 Grèce Vasilis Pliatsikas 1
4%
2010-2011, 2013-2014 Ghana Anthony Annan 12
3%
2010-2011 Brésil Danilo Avelar 3
3%
2016-2017 Allemagne Holger Badstuber 10
3%
2011-2012 Tchéquie Jan Moravek 6
3%
2010-2011 Suisse Mario Gavranovic 8
3%
2010-2012 Allemagne Peer Kluge 25
3%
2018-2019 Allemagne Steven Skrzybski 12
3%
2011-2012, 2013-2014 Allemagne Tim Hoogland 22
3%
2014-2015 Allemagne Timon Wellenreuther 8
3%
2010-2012 Allemagne Alexander Baumjohann 17
1%
2016-2017 Ghana Bernard Tekpetey 2
1%
2010-2011 Allemagne Christian Pander 4
1%
2014-2015 Allemagne Fabian Giefer 2
1%
2015-2018, 2019-2020 Allemagne Fabian Reese 13
1%
2014-2016 Allemagne Felix Platte 3
1%
2013-2015 Allemagne Jan Kirchhoff 16
1%
2018-2019 Pays-Bas Jeffrey Bruma 9
1%
2019-2020 Allemagne Jonas Hofmann 1
1%
2010-2011 Slovaquie Erik Jendrisek 3
0%
2018-2019 Australie George Timotheou 1
0%
2018-2019 Allemagne Jonas Carls 1
0%
Aucun quiz correspondant
Distribution des résultats
% des personnes avec chaque résultat
Percentile par nombre de réponses
Votre historique - résultats
Vous n’avez pas pris ce quiz